000
00301nam a22001337a 4500
008
170616b xxu||||| |||| 00| 0 eng d
020
_a
9780872896147
041
_a
eng
080
_2
4TH
_a
323
100
_a
20
101
_a
SHP
245
_a
ISSUES IN RACE AND ETHNICITY
_c
CARTER,B
942
_2
udc
_c
BK
999
_c
17812
_d
17812